Country Quiz: Bulgaria 🇧🇬 - Statistics

General Stats
  • This quiz has been taken 23 times
  • The average score is 17 of 27
Answer Stats
Hint Answer % Correct
Ruled by this empire (1396–1878) Ottoman empire
100%
Bordering Seas Black sea
95%
Language and Nationality Bulgarian
95%
Main Religion Christianity (Orthodox)
95%
Capital Sofia
95%
Bordering Countries Greece
89%
Romania
89%
Main River Danube
84%
North Macedonia
84%
Serbia
84%
Turkey
84%
Second-Largest City Plovdiv
79%
Between 1946-89, Bulgaria was ruled by this ideology Socialism / Communism
79%
Popular coastal city for tourists Burgas
68%
Member of this Western defence alliance North Atlantic Treaty Organisation
68%
Time zones 1
63%
Currency Lev
58%
In 681, the first Bulgarian empire was established after defeating this empire Byzantine empire
53%
Hollywood Actress (Vampire Diaries, Degrassi, The Originals) Nina Dobrev
47%
Member of this Western political / fiscal alliance European Union
42%
Member of this European border-free zone for air / sea / land travel Schengen
42%
During World War I (1914-18), Bulgaria fought alongside this alliance Central Powers
32%
Most Famous Leader (1954-89) Todor Zhivkov
26%
Climate Temperate
21%
Independence 1908
16%
Founding Father Asparukh
5%
State-Condition Republic (parliamentary / unitary)
5%
No matching quizzes found
Score Distribution
Percent of People with Each Score
Percentile by Number Answered
Your Score History
You have not taken this quiz